[Event "Guadalajara Peoneros op 5th"]
[Site "Guadalajara"]
[Date "2022.08.27"]
[Round "2"]
[White "Avelar Barragan, Aaron Francisco"]
[Black "Gonzalez Gomez, Juan Eduardo"]
[Result "0-1"]
[WhiteElo "1700"]
[BlackElo "1836"]
[PlyCount "101"]
[EventDate "2022.08.20"]
[EventType "swiss"]
[EventRounds "5"]
[EventCountry "MEX"]
[SourceTitle "EXT 2023"]
[Source "ChessBase"]
[SourceDate "2022.10.05"]
[SourceVersion "1"]
[SourceVersionDate "2022.10.05"]
[SourceQuality "1"]

1. e4 e5 2. Nf3 Nc6 3. d4 exd4 4. Bc4 Nf6 5. Bg5 d6 6. 0-0 Be7 7. Re1 Ne5 8. Nxe5 dxe5 9. c3 0-0 10. Qb3 c5 11. Nd2 h6 12. Bh4 Nh5 13. Bg3 Nxg3 14. hxg3 Qb6 15. Qc2 Be6 16. f4 exf4 17. gxf4 Bxc4 18. Nxc4 Qc7 19. g3 b5 20. Ne5 dxc3 21. bxc3 Bf6 22. Nf3 Rfd8 23. e5 Be7 24. Qe4 Qb6 25. Kg2 Rac8 26. f5 Qc6 27. Qg4 Rd3 28. Re4 Rcd8 29. f6 Bf8 30. fxg7 Bxg7 31. Rh1 Qe6 32. Qf4 Qxa2+ 33. Kh3 Qe6+ 34. Kg2 Rxc3 35. Rf1 Rc2+ 36. Rf2 Rxf2+ 37. Kxf2 c4 38. Nh4 Kh7 39. Nf5 Rd3 40. Re2 Qb6+ 41. Kg2 Qc6+ 42. Kh3 Qf3 43. Qxf3 Rxf3 44. Kg4 Rd3 45. Nd6 Bxe5 46. Nxf7 Bxg3 47. Re7 Kg6 48. Rxa7 c3 49. Nh8+ Kf6 50. Rf7+ Ke6 51. Rb7 0-1

[Event "Guadalajara Peoneros op 1st"]
[Site "Guadalajara"]
[Date "2020.01.25"]
[Round "3"]
[White "Ortega Morales, Carlo Roman"]
[Black "Avelar Barragan, Aaron Francisco"]
[Result "0-1"]
[WhiteElo "924"]
[BlackElo "1733"]
[PlyCount "52"]
[EventDate "2020.01.11"]
[EventType "swiss"]
[EventRounds "5"]
[EventCountry "MEX"]
[SourceTitle "CBM 195 Extra"]
[Source "ChessBase"]
[SourceDate "2020.05.31"]
[SourceVersion "1"]
[SourceVersionDate "2020.05.31"]
[SourceQuality "1"]

1. d4 d5 2. c4 e6 3. Nc3 Nf6 4. Nf3 b6 5. e3 Bb7 6. Bd2 Be7 7. b3 0-0 8. Bd3 dxc4 9. bxc4 c5 10. 0-0 Na6 11. a3 Bxf3 12. Qxf3 cxd4 13. Ne4 dxe3 14. Qxe3 Nc5 15. Nxc5 Bxc5 16. Qe2 Qd6 17. Bc1 Bd4 18. Ra2 Rad8 19. Rd1 Rfe8 20. Bb2 e5 21. Qf1 e4 22. Bxd4 Qxd4 23. Bc2 Qe5 24. Re1 Ng4 25. f4 Qd4+ 26. Kh1 Nf2+ 0-1

[Event "Guadalajara Peoneros op 1st"]
[Site "Guadalajara"]
[Date "2020.01.18"]
[Round "2"]
[White "Avelar Barragan, Aaron Francisco"]
[Black "Petersen Gonzalez, Paula"]
[Result "0-1"]
[WhiteElo "1733"]
[BlackElo "1619"]
[PlyCount "86"]
[EventDate "2020.01.11"]
[EventType "swiss"]
[EventRounds "5"]
[EventCountry "MEX"]
[SourceTitle "CBM 195 Extra"]
[Source "ChessBase"]
[SourceDate "2020.05.31"]
[SourceVersion "1"]
[SourceVersionDate "2020.05.31"]
[SourceQuality "1"]

1. e4 c5 2. Nf3 d6 3. Bb5+ Nc6 4. c3 Nf6 5. Bd3 g6 6. Bc2 Bg7 7. 0-0 0-0 8. Re1 Qc7 9. d4 cxd4 10. cxd4 Bg4 11. Be3 Bxf3 12. gxf3 Rac8 13. Na3 a6 14. Rc1 Qd7 15. Kg2 b5 16. Bb1 Rc7 17. Qd2 h5 18. h4 Kh7 19. Nc2 Rfc8 20. Bg5 Nd8 21. Ne3 Ne6 22. Nf1 Rxc1 23. Rxc1 Rxc1 24. Qxc1 Nxd4 25. Qe3 Ne6 26. Ng3 Kg8 27. b4 Nh7 28. Ne2 Nhxg5 29. hxg5 Qc6 30. f4 Qc4 31. a3 d5 32. exd5 Qxd5+ 33. Be4 Qd6 34. f5 Nd4 35. fxg6 fxg6 36. Nxd4 Bxd4 37. Qf3 Be5 38. Bxg6 Qxg6 39. Qd5+ Kh7 40. Qxe5 Qc6+ 41. Kg3 Qd6 42. f4 Qxe5 43. fxe5 Kg6 0-1

[Event "Guadalajara Peoneros op 1st"]
[Site "Guadalajara"]
[Date "2020.01.11"]
[Round "1"]
[White "Ramirez Espinoza, Lluvia Ailin"]
[Black "Avelar Barragan, Aaron Francisco"]
[Result "0-1"]
[WhiteElo "1075"]
[BlackElo "1733"]
[PlyCount "114"]
[EventDate "2020.01.11"]
[EventType "swiss"]
[EventRounds "5"]
[EventCountry "MEX"]
[SourceTitle "CBM 195 Extra"]
[Source "ChessBase"]
[SourceDate "2020.05.31"]
[SourceVersion "1"]
[SourceVersionDate "2020.05.31"]
[SourceQuality "1"]

1. d4 d5 2. Nf3 e6 3. Bf4 Bd6 4. Bxd6 Qxd6 5. e3 b6 6. a3 Nf6 7. h3 Nbd7 8. c4 dxc4 9. Bxc4 Bb7 10. Nbd2 c5 11. dxc5 Nxc5 12. Nb3 Qxd1+ 13. Rxd1 Nxb3 14. Bxb3 0-0 15. 0-0 Rfd8 16. Rxd8+ Rxd8 17. Rd1 Rc8 18. Ne5 Nd5 19. Nc4 Ba6 20. Rc1 b5 21. e4 Nf6 22. Rd1 bxc4 23. Bc2 g6 24. f3 Rb8 25. Rb1 Nd7 26. b4 cxb3 27. Rxb3 Rxb3 28. Bxb3 Nc5 29. Bc2 f5 30. exf5 gxf5 31. Kf2 Kf7 32. Ke3 Kf6 33. Kd4 Nb7 34. g4 Be2 35. Ke3 Bc4 36. Kf4 e5+ 37. Ke3 Nd6 38. f4 h6 39. fxe5+ Kxe5 40. gxf5 Nxf5+ 41. Kf3 Nd4+ 42. Kg4 Nxc2 43. a4 Be2+ 44. Kg3 Kf5 45. Kf2 Bd3 46. Kg3 h5 47. a5 Na3 48. h4 Nc4 49. a6 Ke4 50. Kg2 Ke3 51. Kg3 Bf1 52. Kh2 Kf2 53. Kh1 Bh3 54. Kh2 Bg4 55. Kh1 Ne3 56. Kh2 Nf1+ 57. Kh1 Bf3# 0-1